Autonomia contrattuale e successioni anomale
Gespeichert in:
| 1. Verfasser: | |
|---|---|
| Format: | Buch |
| Sprache: | Italienisch |
| Veröffentlicht: |
Nápoles
Jovene
1983
|
| Schriftenreihe: | Biblioteca di diritto privato ordinata da pietro rescigno, 23
|
| Schlagworte: | |
| Tags: |
Tag hinzufügen
Keine Tags, Fügen Sie den ersten Tag hinzu!
|
MARC
| LEADER | 00000nam a2200000 a 4500 | ||
|---|---|---|---|
| 001 | UCV2790 | ||
| 003 | CL-VaPUC | ||
| 008 | 921110e19830000IT |||||||||||||||||ita|d | ||
| 082 | 0 | 4 | |a 346.052 |b PAL |2 21 |
| 100 | |a Palazzo, Antonio |e autore |9 297058 | ||
| 245 | 1 | 0 | |a Autonomia contrattuale e successioni anomale |
| 300 | |a 214 p | ||
| 942 | |c BK | ||
| 945 | |d 19921110 00:00:00 | ||
| 260 | |a Nápoles |b Jovene |c 1983 | ||
| 650 | 0 | |a Derecho sucesorio |9 255015 | |
| 651 | 0 | |a Italia |9 254949 | |
| 583 | |a last modification |c 19921110 00:00:00 |k Rodrigo Vera | ||
| 490 | 0 | |a Biblioteca di diritto privato ordinata da pietro rescigno, 23 | |
| 999 | |c 210278 |d 210276 | ||
| 952 | |0 0 |1 0 |4 0 |6 346_052000000000000_PAL_1983 |7 0 |8 A |9 186390 |a BIBDER |b BIBDER |d 2019-11-14 |i 2538652 |o 346.052 PAL 1983 |p 2538652 |r 2023-01-25 |w 2019-11-14 |y BK |k DER | ||